Logo CIB grande

ANALISIS DEL ENTORNO: LAS FUERZAS QUE AFECTAN A LAS EMPRESAS Y PROSPERIDAD DEL PAÍS (Registro nro. 223595)

Detalles MARC
000 -LEADER
campo de control de longitud fija 00870nam a2200253Ia 4500
003 - IDENTIFICADOR DE NÚMERO DE CONTROL
campo de control EC-GqESP
005 - FECHA Y HORA DE LA ÚLTIMA TRANSACCIÓN
campo de control 20260119111132.0
008 - DATOS DE LONGITUD FIJA--INFORMACIÓN GENERAL
campo de control de longitud fija 250425s9999 xx 000 0 und d
010 ## - NÚMERO DE CONTROL DE LA BIBLIOTECA DEL CONGRESO
Número de control de LC 53976
041 ## - CÓDIGO DE IDIOMA
Código de lengua del texto/banda sonora o título independiente spa
043 ## - CÓDIGO DE ÁREA GEOGRÁFICA
Código de área geográfica ec
082 ## - NÚMERO DE LA CLASIFICACIÓN DECIMAL DEWEY
Número de clasificación 658
100 ## - ENTRADA PRINCIPAL--NOMBRE DE PERSONA
Nombre de persona AROSEMENA AROSEMENA, GUILLERMO
245 #0 - MENCIÓN DEL TÍTULO
Título ANALISIS DEL ENTORNO: LAS FUERZAS QUE AFECTAN A LAS EMPRESAS Y PROSPERIDAD DEL PAÍS
250 ## - MENCION DE EDICION
Mención de edición 2A ED.
260 ## - PUBLICACIÓN, DISTRIBUCIÓN, ETC.
Lugar de publicación, distribución, etc. Ecuador
Nombre del editor, distribuidor, etc. ESPOL
Fecha de publicación, distribución, etc. 2005
260 ## - PUBLICACIÓN, DISTRIBUCIÓN, ETC.
Lugar de publicación, distribución, etc. GUAYAQUIL
300 ## - DESCRIPCIÓN FÍSICA
Extensión 295
520 ## - RESUMEN, ETC.
Sumario, etc. EL ETORNO HACE LA DIFERECNIA ENTRE LA POBREZA Y RIQUEZA,ENTRE LA IGNORANCIA Y CONOCIMIENTO Y ENTRE LA INEFICIENCIA Y EFICIENCIA. PAÍSES CON ENTORNOS FAVORABLES A LAS ACTIVIDADES PRODUCTIVAS, SON MOTORES DE GENERACIÓN DE BIENESTAR Y CON ENTORNOS DES
650 ## - PUNTO DE ACCESO ADICIONAL DE MATERIA--TÉRMINO DE MATERIA
Término de materia o nombre geográfico como elemento de entrada EMPRESARIOS
650 ## - PUNTO DE ACCESO ADICIONAL DE MATERIA--TÉRMINO DE MATERIA
Término de materia o nombre geográfico como elemento de entrada ENTORNO EMPRESARIAL
650 ## - PUNTO DE ACCESO ADICIONAL DE MATERIA--TÉRMINO DE MATERIA
Término de materia o nombre geográfico como elemento de entrada GERENCIA
942 ## - ELEMENTOS DE ENTRADA SECUNDARIOS (KOHA)
Tipo de ítem Koha Libros
Existencias
Estatus retirado Estado de pérdida Estado de daño No para préstamo Biblioteca de origen Biblioteca actual Fecha de adquisición Coste, precio normal de compra Total de préstamos Código de barras Copia número Tipo de ítem Koha Nota pública Ubicación en estantería
        CENTRO DE INFORMACIÓN BIBLIOTECARIA CENTRO DE INFORMACIÓN BIBLIOTECARIA 04/01/2006 10.00   D-64326 7 Libros ESPOL. FIMCBOR: TURISMO  
        CENTRO DE INFORMACIÓN BIBLIOTECARIA CENTRO DE INFORMACIÓN BIBLIOTECARIA 04/01/2006 10.00   D-64327 8 Libros ESPOL. FIMCBOR: TURISMO  
        CENTRO DE INFORMACIÓN BIBLIOTECARIA CENTRO DE INFORMACIÓN BIBLIOTECARIA 13/06/2017 10.00   D-107954 16 Libros    
        ESCUELA DE NEGOCIOS ESCUELA DE NEGOCIOS 16/04/2005 10.00   D-P 07410 17   DONADO  
        ESCUELA DE NEGOCIOS ESCUELA DE NEGOCIOS 25/05/2005 10.00   D-P 07445 18   DONADO  
        ESCUELA DE NEGOCIOS ESCUELA DE NEGOCIOS 13/06/2014 10.00   D-P 12018 19   DONADO  
        FACULTAD DE INGENIERIA MECANICA Y CIENCIAS DE LA PRODUCCION FACULTAD DE INGENIERIA MECANICA Y CIENCIAS DE LA PRODUCCION 16/06/2005 2.00   D-30855 1      
        FACULTAD DE INGENIERIA MECANICA Y CIENCIAS DE LA PRODUCCION FACULTAD DE INGENIERIA MECANICA Y CIENCIAS DE LA PRODUCCION 16/06/2005 2.00   D-30856 2      
        FACULTAD DE INGENIERIA MECANICA Y CIENCIAS DE LA PRODUCCION FACULTAD DE INGENIERIA MECANICA Y CIENCIAS DE LA PRODUCCION 04/01/2006 2.00   D-30861 3      
        FACULTAD DE INGENIERIA MECANICA Y CIENCIAS DE LA PRODUCCION FACULTAD DE INGENIERIA MECANICA Y CIENCIAS DE LA PRODUCCION 04/01/2006 2.00   D-30862 4      
        FACULTAD DE INGENIERIA MECANICA Y CIENCIAS DE LA PRODUCCION FACULTAD DE INGENIERIA MECANICA Y CIENCIAS DE LA PRODUCCION 01/06/2015 2.00   D-30980 5      
        FACULTAD DE INGENIERIA MECANICA Y CIENCIAS DE LA PRODUCCION FACULTAD DE INGENIERIA MECANICA Y CIENCIAS DE LA PRODUCCION 01/06/2015 2.00   D-30981 6      
        FACULTAD DE INGENIERIA MECANICA Y CIENCIAS DE LA PRODUCCION FACULTAD DE INGENIERIA MECANICA Y CIENCIAS DE LA PRODUCCION 12/05/2010 2.00   D-79000 11      

Copyright 2025 ESPOL. Todos los derechos reservados.